000 00467pab a2200181 454500
008 180718b2007 xxu||||| |||| 00| 0 eng d
100 _aBarnes, Lindsay
245 _aWomen's experience of childbirth in rural Jharkhand
260 _c2007
300 _ap.62-70.
362 _a1 Dec
650 _aWomen - India - Jharkhand
650 _aBirth - India - Jharkhand
650 _aBirth
773 _aEconomic and Political Weekly
908 _aN
909 _a76664
999 _c76664
_d76664